[Event "AUTO-INT-3377"]
[Site "http://www.queenalice.com/game.php?id=1562214"]
[Date "2019.2.25"]
[Round "2"]
[White "byyonico"]
[Black "swayne"]
[Result "0-1"]
[WhiteElo "1678"]
[BlackElo "1908"]

1. e4 c5 2. Nf3 Nc6 3. Bb5 e6 4. Bxc6 bxc6 5. O-O d6 6. c4 Nf6 7. d3 g6 8. Nc3
Bg7 9. e5 dxe5 10. Nxe5 O-O 11. Nxc6 Qc7 12. Qf3 Bb7 13. Bf4 Qxc6 14. Qg3 Nh5
15. Qf3 Qxf3 16. gxf3 Nxf4 17. Rad1 Bxf3 18. Rd2 Nh3# 0-1

[Event "AUTO-ADV-4202"]
[Site "http://www.queenalice.com/game.php?id=1576774"]
[Date "2019.7.9"]
[Round "1"]
[White "Brechtien"]
[Black "swayne"]
[Result "0-1"]
[WhiteElo "1658"]
[BlackElo "1983"]

1. Nf3 Nf6 2. d4 d5 3. a3 c5 4. e3 Bf5 5. c4 e6 6. Nc3 Be7 7. cxd5 exd5 8. Be2
O-O 9. O-O Nbd7 10. Bd2 c4 11. Nh4 Be6 12. g3 Nb6 13. Bf3 a6 14. Na4 Nxa4 15.
Qxa4 b5 16. Qc2 Re8 17. b3 cxb3 18. Qxb3 Ne4 19. Bb4 Bxh4 20. Qd3 Bf6 21. Rfc1
Ng5 22. Bg2 Bh3 23. Bxh3 Nxh3+ 24. Kg2 Qd7 25. Rc3 Ng5 26. Rac1 Qh3+ 0-1

[Event "AUTO-ADV-4202"]
[Site "http://www.queenalice.com/game.php?id=1576775"]
[Date "2019.7.9"]
[Round "1"]
[White "swayne"]
[Black "Brechtien"]
[Result "1-0"]
[WhiteElo "1999"]
[BlackElo "1718"]

1. Nf3 d5 2. d4 Nf6 3. c4 e6 4. a3 c6 5. Nc3 Be7 6. e3 Nbd7 7. Be2 O-O 8. O-O a6
9. b4 dxc4 10. Bxc4 b5 11. Bb3 Bb7 12. e4 Nb6 13. e5 Nfd5 14. Nxd5 cxd5 15. Bc2
Nc4 16. Qd3 g6 17. Bh6 Re8 18. h3 Bf8 19. Bg5 Be7 20. Bh6 Bf8 21. Bxf8 Rxf8 22.
Nd2 Nxd2 23. Qxd2 Rc8 24. Bd3 Rc7 25. Rfc1 Qb8 26. Qg5 Rfc8 27. Rc5 Qa8 28. a4
Rxc5 29. dxc5 Qb8 30. axb5 axb5 31. h4 Qc7 32. h5 Qd8 33. Qxd8+ Rxd8 34. Bxb5
Rc8 35. Ra7 Bc6 36. Bxc6 1-0

[Event "AUTO-ADV-4202"]
[Site "http://www.queenalice.com/game.php?id=1576786"]
[Date "2019.7.9"]
[Round "1"]
[White "fabricioprado"]
[Black "swayne"]
[Result "0-1"]
[WhiteElo "1712"]
[BlackElo "1978"]

1. d4 d5 2. c4 Nf6 3. Nc3 c5 4. Nf3 Nc6 5. e3 Bg4 6. Be2 e6 7. O-O Bd6 8. h3 Bh5
9. b3 O-O 10. Bb2 Qb6 11. dxc5 Qxc5 12. a3 Qa5 13. b4 Qc7 14. c5 Be7 15. Nb5 Qd7
16. Nbd4 Ne4 17. Nd2 Bxe2 18. Qxe2 Nxd2 19. Qxd2 Ne5 20. Ne2 Nc4 21. Qc2 b6 22.
cxb6 axb6 23. Bd4 Rfc8 24. Qd3 b5 25. Rfc1 e5 26. Bc3 Rd8 27. e4 d4 28. Bd2 h6
29. Ng3 Nxd2 30. Qxd2 Bg5 31. Qd3 Bxc1 32. Rxc1 Rac8 33. Rd1 Rc3 34. Qb1 Rxa3
35. Nf5 Rda8 36. Kh2 Qe6 37. Ng3 Rb3 38. Qc2 Rxb4 0-1

[Event "AUTO-ADV-4202"]
[Site "http://www.queenalice.com/game.php?id=1576787"]
[Date "2019.7.9"]
[Round "1"]
[White "swayne"]
[Black "fabricioprado"]
[Result "1-0"]
[WhiteElo "1972"]
[BlackElo "1718"]

1. Nf3 d5 2. d4 Nf6 3. c4 c6 4. e3 Bf5 5. Nc3 e6 6. a3 Be7 7. Be2 O-O 8. O-O
Nbd7 9. b4 dxc4 10. Bxc4 b5 11. Bb3 a5 12. bxa5 Rxa5 13. Qd2 Ra8 14. Bb2 h6 15.
h3 Ne4 16. Nxe4 Bxe4 17. Qe2 Nf6 18. Ne5 Qd6 19. Rfc1 Rac8 20. a4 bxa4 21. Bxa4
Nd7 22. Ba3 Qc7 23. Bxe7 Rfe8 24. Bh4 Nxe5 25. Bg3 Qb7 26. Bxe5 Red8 27. Qg4 Bg6
28. h4 Qe7 29. h5 f6 30. Qxg6 fxe5 31. Bb3 Rf8 32. Bxe6+ Kh8 33. Bxc8 Rxc8 34.
Rxc6 Rf8 35. Re6 Qf7 36. Qxf7 Rxf7 37. Rxe5 1-0

[Event "AUTO-ADV-4202"]
[Site "http://www.queenalice.com/game.php?id=1576794"]
[Date "2019.7.9"]
[Round "1"]
[White "swayne"]
[Black "holandes"]
[Result "1-0"]
[WhiteElo "1986"]
[BlackElo "1749"]

1. Nf3 Nc6 2. c4 e5 3. e4 Nf6 4. d3 h6 5. Be2 Bc5 6. O-O a6 7. a3 d6 8. b4 Ba7
9. Qb3 Be6 10. Qc3 Nd4 11. Ra2 b5 12. Nxd4 Bxd4 13. Qc2 bxc4 14. dxc4 O-O 15.
Nc3 c6 16. Na4 a5 17. Bb2 c5 18. b5 Nh7 19. Bxd4 exd4 20. f4 g6 21. Bd3 Bd7 22.
e5 Qe7 23. Nb6 Ra7 24. Nd5 Be6 25. Nxe7+ Rxe7 26. exd6 Rd7 27. Bxg6 1-0

[Event "AUTO-ADV-4202"]
[Site "http://www.queenalice.com/game.php?id=1576795"]
[Date "2019.7.9"]
[Round "1"]
[White "holandes"]
[Black "swayne"]
[Result "0-1"]
[WhiteElo "1746"]
[BlackElo "1993"]

1. e4 c6 2. d4 d5 3. e5 g6 4. Nd2 Bg7 5. Ngf3 e6 6. Be2 Ne7 7. Nb3 b6 8. c4 dxc4
9. Bxc4 b5 10. Be2 O-O 11. Bg5 h6 12. Bh4 g5 13. Bg3 a5 14. Nc5 Nf5 15. Qd3 Na6
16. Nb3 a4 17. Nbd2 g4 18. Ng1 Nb4 19. Qc3 Nxd4 20. Bd3 Nxd3+ 21. Kf1 Nf5 22.
Ne2 c5 23. h3 Nxg3+ 24. Nxg3 Bxe5 25. Qc2 Bxg3 26. fxg3 Qd4 27. Ke2 Qf2+ 28. Kd1
Qxg2 29. Rf1 Rd8 30. Qc3 b4 31. Qf6 Nxb2+ 32. Qxb2 Qxf1+ 0-1

[Event "AUTO-ADV-4202"]
[Site "http://www.queenalice.com/game.php?id=1587268"]
[Date "2019.10.17"]
[Round "2"]
[White "eloy"]
[Black "swayne"]
[Result "0-1"]
[WhiteElo "1809"]
[BlackElo "2088"]

1. e4 c5 2. Bc4 Nf6 3. Nc3 e6 4. Nf3 a6 5. d4 d5 6. exd5 exd5 7. Bd3 c4 8. Be2
Be7 9. h3 O-O 10. b3 Bb4 11. Bd2 Qa5 12. Na4 b5 13. Bxb4 Qxb4+ 14. Nd2 bxa4 15.
a3 Qc3 16. bxc4 Ne4 17. Ra2 Re8 18. Qc1 Nxf2 19. Kxf2 Qxd4+ 20. Kf1 Qf4+ 21. Bf3
Nc6 22. Qd1 Nd4 23. Kf2 Qe3+ 24. Kg3 Nf5+ 25. Kh2 Qe5+ 26. Kg1 dxc4 27. Bxa8
Qe3+ 28. Kh2 Qg3+ 29. Kg1 Re1+ 30. Qxe1 Qxe1+ 31. Nf1 Ng3 32. Kh2 Nxh1 33. Kxh1
Qxf1+ 34. Kh2 Qb1 0-1

[Event "AUTO-ADV-4202"]
[Site "http://www.queenalice.com/game.php?id=1587269"]
[Date "2019.10.17"]
[Round "2"]
[White "swayne"]
[Black "eloy"]
[Result "1-0"]
[WhiteElo "2067"]
[BlackElo "1824"]

1. d4 d5 2. c4 e6 3. e3 Nf6 4. Nc3 Bb4 5. Bd2 a5 6. Bd3 c6 7. Nf3 Ne4 8. Nxe4
dxe4 9. Bxe4 Bxd2+ 10. Qxd2 Bd7 11. c5 h6 12. O-O O-O 13. Bc2 b6 14. cxb6 Qxb6
15. Qd3 f5 16. Rac1 c5 17. dxc5 Qxc5 18. Bb3 Qe7 19. Ne5 Rd8 20. Qxf5 Na6 21.
Nxd7 Rxd7 22. Bxe6+ Kh8 23. Bxd7 Rd8 24. Rfd1 1-0

[Event "AUTO-ADV-4202"]
[Site "http://www.queenalice.com/game.php?id=1587272"]
[Date "2019.10.17"]
[Round "2"]
[White "bouley"]
[Black "swayne"]
[Result "0-1"]
[WhiteElo "2031"]
[BlackElo "2052"]

1. d4 Nf6 2. Nf3 d5 3. e3 Nc6 4. c4 e6 5. Nc3 Bb4 6. a3 Bxc3+ 7. bxc3 O-O 8. Bd3
Ne4 9. Qc2 b6 10. cxd5 exd5 11. Bxe4 dxe4 12. Qxe4 Bb7 13. O-O Na5 14. Qf4 Qe7
15. Nd2 Qe6 16. Bb2 Nc4 17. Nxc4 Qxc4 18. Rfe1 f5 19. f3 Rae8 20. a4 a5 21. Ba3
Rf7 22. Bb2 h6 23. Qg3 Bc6 24. Qf2 Bxa4 25. Qe2 Qxe2 26. Rxe2 Bb5 27. Ree1 Bc4
28. f4 Rf6 29. Rad1 h5 30. g3 Kf7 31. Kf2 h4 32. Ba3 hxg3+ 33. hxg3 Bd5 34. Rc1
Rh6 35. Kg1 Rh1+ 36. Kf2 Rh2+ 37. Kg1 Reh8 38. Kf1 Bc4+ 39. Kg1 Rh1+ 40. Kg2
R8h2+ 41. Kf3 Rf1+ 42. Rxf1 Be2# 0-1

[Event "AUTO-ADV-4202"]
[Site "http://www.queenalice.com/game.php?id=1587273"]
[Date "2019.10.17"]
[Round "2"]
[White "swayne"]
[Black "bouley"]
[Result "1-0"]
[WhiteElo "2037"]
[BlackElo "2011"]

1. d4 Nf6 2. c4 g6 3. Nc3 Bg7 4. e4 d6 5. Nf3 Bg4 6. Be2 O-O 7. O-O Nbd7 8. h3
Bxf3 9. Bxf3 e5 10. d5 Nc5 11. Qc2 c6 12. b4 Ncd7 13. dxc6 bxc6 14. Bd2 Nb6 15.
a4 Nxc4 16. Rfd1 Nxd2 17. Rxd2 Qe7 18. b5 c5 19. Be2 Rfd8 20. Bc4 Nd7 21. Nd5
Qg5 22. Rad1 Kh8 23. a5 f5 24. Nc7 Nf8 25. Nxa8 Rxa8 26. Rxd6 f4 27. Qd2 h6 28.
Qd5 Nh7 29. Qxa8+ Nf8 30. Qd5 1-0

[Event "AUTO-OPEN-4140"]
[Site "http://www.queenalice.com/game.php?id=1600827"]
[Date "2020.2.26"]
[Round "1"]
[White "clovis"]
[Black "swayne"]
[Result "0-1"]
[WhiteElo "2018"]
[BlackElo "2078"]

1. e4 c6 2. d4 d5 3. exd5 cxd5 4. Nf3 Nc6 5. Bd3 Nf6 6. O-O Bg4 7. Re1 e6 8. c4
Nxd4 9. cxd5 Nxd5 10. Qa4+ Nc6 11. Qxg4 Nf6 12. Qc4 Be7 13. Nc3 O-O 14. Bc2 Na5
15. Qd3 Qb8 16. Bg5 Qd6 17. Bxf6 Qxd3 18. Bxd3 Bxf6 19. Rab1 Rad8 20. Rbd1 Nc6
21. Bc2 Nb4 22. Bb3 Nd3 23. Re3 Nxb2 24. Rxd8 Rxd8 25. g3 g6 26. Ne4 Kg7 27.
Nxf6 Kxf6 28. Re2 Nd3 29. Rd2 Ke7 30. Bc2 Nb4 31. Rxd8 Kxd8 32. Bb3 b5 33. Ng5
Ke7 34. Nxh7 f6 35. f4 a5 36. a3 a4 37. Bxe6 Kxe6 38. Nf8+ Kd5 39. Nxg6 Nc2 40.
h4 b4 41. h5 bxa3 42. h6 a2 43. h7 a1=Q+ 44. Kg2 Ne3+ 45. Kf3 Kd4 46. h8=Q Qf1#
0-1

[Event "AUTO-OPEN-4140"]
[Site "http://www.queenalice.com/game.php?id=1600828"]
[Date "2020.2.26"]
[Round "1"]
[White "swayne"]
[Black "clovis"]
[Result "0-1"]
[WhiteElo "2097"]
[BlackElo "2031"]

1. Nf3 d5 2. d4 Nf6 3. c4 e6 4. Nc3 Bb4 5. Bg5 O-O 6. Qc2 Nbd7 7. e3 c5 8. Be2
cxd4 9. exd4 h6 10. Bh4 Qa5 11. O-O g5 12. Bg3 Bxc3 13. bxc3 Ne4 14. Bd3 f5 15.
Ne5 f4 16. Nxd7 Bxd7 17. f3 Nxg3 18. hxg3 fxg3 19. Rfe1 Qd8 20. Re4 dxe4 21.
Bxe4 g4 22. Kf1 Qh4 23. Ke2 gxf3+ 24. Bxf3 Rxf3 25. gxf3 Bc6 26. Qg6+ Kf8 27.
Re1 Qf4 28. Qg4 Qxg4 29. fxg4 Kg7 30. Rg1 g2 31. d5 exd5 32. Rxg2 dxc4 33. Rg3
Re8+ 34. Kf2 Kg6 35. Rh3 Re4 36. Rg3 Kg5 0-1

[Event "AUTO-OPEN-4140"]
[Site "http://www.queenalice.com/game.php?id=1600847"]
[Date "2020.2.26"]
[Round "1"]
[White "roserl"]
[Black "swayne"]
[Result "1-0"]
[WhiteElo "2022"]
[BlackElo "2072"]

1. e4 c5 2. Nf3 Nc6 3. d4 cxd4 4. Nxd4 e5 5. Nb5 d6 6. N1c3 Nf6 7. Bg5 Be7 8.
Bxf6 Bxf6 9. Nd5 O-O 10. Nxf6+ Qxf6 11. Qxd6 Be6 12. Qc5 Rfd8 13. Bd3 Bd7 14.
O-O b6 15. Qe3 Ne7 16. Nc7 Rac8 17. Nd5 Nxd5 18. exd5 Qd6 19. c4 f6 20. Kh1 Re8
21. f3 f5 22. b3 a6 23. Rae1 g6 24. Qg5 b5 25. h4 1-0

[Event "AUTO-OPEN-4140"]
[Site "http://www.queenalice.com/game.php?id=1600848"]
[Date "2020.2.26"]
[Round "1"]
[White "swayne"]
[Black "roserl"]
[Result "0-1"]
[WhiteElo "2092"]
[BlackElo "2002"]

1. d4 d5 2. Bf4 e6 3. e3 Nf6 4. Bd3 Bd6 5. Bg5 h6 6. Bh4 Be7 7. h3 O-O 8. Nf3
Nbd7 9. O-O c5 10. Bb5 a6 11. Be2 b5 12. c3 Bb7 13. Qc2 Rc8 14. Nbd2 cxd4 15.
Nxd4 b4 16. c4 Ne5 17. b3 a5 18. Bg3 Ng6 19. Rad1 Bd6 20. Bxd6 Qxd6 21. Nb5 Qc5
22. Nd4 dxc4 23. Nxc4 Nd5 24. Nxe6 fxe6 25. Qxg6 Rf6 26. Qe4 Rc7 0-1

[Event "AUTO-OPEN-4140"]
[Site "http://www.queenalice.com/game.php?id=1600857"]
[Date "2020.2.26"]
[Round "1"]
[White "dmdagnone"]
[Black "swayne"]
[Result "0-1"]
[WhiteElo "1524"]
[BlackElo "2093"]

1. e4 c6 2. d4 d5 3. e5 Bf5 4. Nf3 e6 5. Bd3 Bg6 6. Bf4 Bxd3 7. Qxd3 g6 8. Nc3
Bg7 9. O-O-O Ne7 10. Ng5 O-O 11. Qh3 h6 12. Nf3 Nf5 13. g4 Ne7 14. Bxh6 f6 15.
Ne2 Na6 16. exf6 Rxf6 17. g5 Rf5 18. Rd3 Nb4 19. Re3 Bxh6 20. Qxh6 Qf8 21. Qh4
Rxf3 22. Rxf3 Qxf3 23. Re1 Qf5 24. Kb1 Qxc2+ 25. Ka1 Qc4 0-1

[Event "AUTO-OPEN-4140"]
[Site "http://www.queenalice.com/game.php?id=1600858"]
[Date "2020.2.26"]
[Round "1"]
[White "swayne"]
[Black "dmdagnone"]
[Result "1-0"]
[WhiteElo "2095"]
[BlackElo "1550"]

1. Nf3 Nf6 2. d4 d5 3. c4 Nc6 4. Nc3 e6 5. e3 Be7 6. Be2 O-O 7. O-O Bd7 8. a3
Ng4 9. h3 Nh6 10. e4 dxe4 11. Nxe4 Bf6 12. Be3 Qe7 13. c5 Rad8 14. Nxf6+ Qxf6
15. Bg5 Qg6 16. Bxd8 Rxd8 17. b4 Re8 18. Bb5 a6 19. Bd3 Qf6 20. Re1 Nf5 21. Ne5
Bc8 22. Nxc6 bxc6 23. Bxf5 Qxf5 24. Qe2 g6 25. Qe5 Qxe5 26. Rxe5 Rd8 27. Rd1 Kf8
28. Ree1 f5 29. f4 h5 30. Kf2 Kf7 31. h4 Kf6 32. Ke3 Bb7 33. Rb1 Rd5 34. Rec1 g5
35. hxg5+ Kg6 36. Re1 Rd8 37. Kd3 Bc8 38. Re3 Bd7 39. Rh1 Rh8 40. d5 cxd5 41. c6
Bc8 42. Kd4 h4 43. a4 Kh5 44. Rxh4+ 1-0

[Event "AUTO-OPEN-4005"]
[Site "http://www.queenalice.com/game.php?id=1637140"]
[Date "2020.12.21"]
[Round "3"]
[White "swayne"]
[Black "Anusha"]
[Result "1-0"]
[WhiteElo "2073"]
[BlackElo "2085"]

1. c4 Nf6 2. Nc3 e5 3. g3 d6 4. Bg2 Be7 5. e4 O-O 6. Nge2 Nc6 7. O-O Bg4 8. h3
Be6 9. d4 Bxc4 10. d5 Bxe2 11. Qxe2 Nb8 12. Be3 Nbd7 13. Rfd1 a6 14. a4 h6 15.
Rac1 Nh7 16. h4 Nhf6 17. Bh3 Re8 18. b4 Nf8 19. a5 Ng6 20. h5 Nf8 21. Rc2 N6h7
22. Rdc1 Ng5 23. Bf5 g6 24. Bg4 Nfh7 25. Na4 Nf6 26. Rxc7 Nxg4 27. Qxg4 Bf6 28.
Rxb7 Bg7 29. hxg6 Rf8 30. Nb6 fxg6 31. Nxa8 Qxa8 32. Re7 Bf6 33. Bxg5 Bxg5 34.
Qe6+ 1-0

[Event "AUTO-OPEN-4005"]
[Site "http://www.queenalice.com/game.php?id=1637141"]
[Date "2020.12.21"]
[Round "3"]
[White "Anusha"]
[Black "swayne"]
[Result "0-1"]
[WhiteElo "2140"]
[BlackElo "2054"]

1. d4 Nf6 2. Bf4 d5 3. Nf3 e6 4. e3 c5 5. c3 Nc6 6. Bd3 c4 7. Bc2 b5 8. O-O Bd6
9. Ne5 Bxe5 10. dxe5 Nd7 11. e4 Ne7 12. exd5 Nxd5 13. Bg3 O-O 14. Nd2 Bb7 15.
Ne4 b4 16. Qh5 bxc3 17. Ng5 h6 18. Nf3 Nb4 19. Ba4 cxb2 20. Rab1 c3 21. Nd4 Nc5
22. Bh4 Qxd4 23. Rfd1 Nbd3 24. Bc2 Qe4 25. Be7 Qxg2# 0-1